000 00417nam a22001697a 4500
999 _c7812
_d7810
005 20210904140357.0
008 210821b ||||| |||| 00| 0 eng d
020 _a1859781144
041 _aeng
082 _a341.756
100 _aFABER,DIANA AND OTHERS
_96540
245 _aMULTIMODAL TRANSPORT : AVOIDING LEGAL PROBLEMS
260 _aLONDON
_bL L P
_c1997
300 _a118,p
650 _aLAW
_95701
942 _cBK